=LDR 00000nam 2200000 4500 =001 INLIS000000000043617 =005 20131008103603 =008 ***********************************ind** =035 ##$$0010-101300000001539 =041 ##$$a ind =082 ##$$a 796.03 =090 ##$$a R 796.03, Sya k =100 ##$$a Syarifuddin, Aip =245 ##$$a Kamus istilah olahraga populer di Indonesia, Aip Syaifuddin =260 ##$$a 1985 $b Jakarta =300 ##$$a 457 hlm, 21 cm =650 ##$$a Olahraga populer-Kamus =850 ##$$a NBPNMAT